000 01004naa a22002657a 4500
001 BR7600313
003 BR-BrBNA
005 20240918173805.0
007 ta
008 230509b bl.||||| |||| 00| 0 por d
040 _aBR-BrBNA
_bpor
_cBiblioteca Nacional de Agricultura
041 _a(Pt)
072 _aE15
_b/G514
090 _aE15 BR7600313
110 1 _aAssociacao dos Criadores do Estado do Maranhao, Sao Luis (Brasil)
111 1 _a1. Encontro Nacional de Agropecuaria
_cBrasilia, DF (Brazil)
_d17 Nov 1975
245 1 _aPolitica de subsidios para uso de insumos modernos [Maranhao; Brasil]
260 3 _aBrasilia, DF (Brasil):
_c1975.
500 _aTemario do 1. Encontro Nacional de Agropecuaria Brasilia, DF (Brasil): 1975. p. 224-226 (BR7600313-AM)E15
650 _aINSUMO
650 _aMARANHAO
773 0 _tTemario do 1. Encontro Nacional de Agropecuaria
_wE15 BR7600313
_gBrasilia, DF (Brasil), 1975. p. 224-226
909 _a202404
_bLucia
_c55
_dLucia Elande
942 _cAM
_2AGRIS
999 _c306927
_d306927